[Event "40th olm final"]
[Site "Istanbul"]
[Date "2012.08.28"]
[Round "1.37"]
[White "Meza Martinez, Alcides Ivan"]
[Black "Hansen, Sune Berg"]
[Result "0-1"]
[WhiteElo "2187"]
[BlackElo "2577"]
[EventDate "2012.08.28"]
[WhiteTeam "Honduras"]
[BlackTeam "Denmark"]
[PlyCount "91"]

1.c4 c5 2.g3 g6 3.Bg2 Bg7 4.e3 Nf6 5.Nc3 O-O 6.Nge2 Nc6 7.O-O d6 8.d4 Bd7
9.b3 a6 10.dxc5 dxc5 11.Bb2 Qc7 12.Nf4 e6 13.Na4 Na5 14.Nc3 Bc6 15.Qe2
Rab8 16.e4 b5 17.cxb5 axb5 18.Nd1 b4 19.Re1 Bb5 20.Qc2 c4 21.bxc4 Qxc4 22.
Qb1 Rbd8 23.Ne3 Qc5 24.Rc1 Qe7 25.Be5 Rb8 26.Qb2 Nc6 27.Rxc6 Bxc6 28.h4 h5
29.Re1 Ba8 30.g4 hxg4 31.Nf1 Ne8 32.h5 Qg5 33.Bxg7 Nxg7 34.h6 Qxh6 35.Qf6
e5 36.Nd5 Bxd5 37.exd5 Qf4 38.Qb6 Qd4 39.Qf6 Nh5 40.Qg5 Qf4 41.Qe7 Rfe8
42.Qd7 Nf6 43.Qa7 Ra8 44.Qb6 Nd7 45.Qc6 Rxa2 46.f3 0-1

[Event "40th olm final"]
[Site "Istanbul"]
[Date "2012.08.28"]
[Round "1.37"]
[White "Schandorff, Lars"]
[Black "Huguet, Sergio"]
[Result "1-0"]
[WhiteElo "2516"]
[BlackElo "2094"]
[EventDate "2012.08.28"]
[WhiteTeam "Denmark"]
[BlackTeam "Honduras"]
[PlyCount "61"]

1.d4 d5 2.c4 e5 3.dxe5 d4 4.Nf3 Nc6 5.a3 Bg4 6.Nbd2 Nge7 7.h3 Be6 8.Qa4
Qd7 9.b4 Ng6 10.Bb2 Ncxe5 11.Qxd7+ Kxd7 12.Nxd4 Nxc4 13.Nxc4 Bxc4 14.O-O-O
a5 15.Nb3+ Ke6 16.Nxa5 Bd5 17.e4 Bxe4 18.Bc4+ Kf5 19.f3 Bc6 20.Nxc6 bxc6
21.Bxf7 Bd6 22.Rhe1 Bf4+ 23.Kb1 Ne5 24.Bb3 Rhe8 25.Rd4 Bg3 26.Re2 g5 27.
Bc2+ Kf6 28.Rg4 Bf4 29.g3 h5 30.gxf4 hxg4 31.fxe5+ 1-0

[Event "40th olm final"]
[Site "Istanbul"]
[Date "2012.08.28"]
[Round "1.37"]
[White "Bobadilla, Yelso"]
[Black "Rasmussen, Allan Stig"]
[Result "0-1"]
[WhiteElo "1874"]
[BlackElo "2496"]
[EventDate "2012.08.28"]
[WhiteTeam "Honduras"]
[BlackTeam "Denmark"]
[PlyCount "82"]

1.e4 c6 2.d4 d5 3.e5 Bf5 4.Bd3 Bxd3 5.Qxd3 e6 6.Nf3 Qa5+ 7.Bd2 Qa6 8.Qxa6
Nxa6 9.O-O c5 10.c3 Ne7 11.Na3 Nc6 12.Nb5 Rc8 13.a3 c4 14.Bg5 Nab8 15.a4
a6 16.Na3 Nd7 17.Nd2 f6 18.exf6 gxf6 19.Bf4 e5 20.Rfe1 Kf7 21.dxe5 fxe5
22.Bg3 Bh6 23.Rad1 Nc5 24.Bxe5 Rhe8 25.Ndxc4 dxc4 26.Nxc4 Nxe5 27.Nd6+ Kf6
28.Nxc8 Rxc8 29.Rd6+ Ne6 30.Rd5 Nf7 31.g4 Rc4 32.Rf5+ Ke7 33.f3 Rxa4 34.h4
Ra2 35.Re2 Bc1 36.g5 Rxb2 37.Re4 Nd6 38.Rfe5 Nxe4 39.Rxe4 b5 40.Re1 Rc2
41.f4 Bxf4 0-1

[Event "40th olm final"]
[Site "Istanbul"]
[Date "2012.08.29"]
[Round "2.19"]
[White "Hansen, Sune Berg"]
[Black "Kazhgaleyev, Murtas"]
[Result "1/2-1/2"]
[WhiteElo "2577"]
[BlackElo "2594"]
[EventDate "2012.08.28"]
[WhiteTeam "Denmark"]
[BlackTeam "Kazakhstan"]
[PlyCount "61"]

1.e4 e5 2.Nf3 Nf6 3.Nxe5 d6 4.Nf3 Nxe4 5.d4 d5 6.Bd3 Nc6 7.O-O Be7 8.Nc3
Bf5 9.Re1 Nxc3 10.bxc3 Bxd3 11.Qxd3 O-O 12.Bf4 Bd6 13.Ng5 g6 14.Qh3 h5 15.
Qg3 Bxf4 16.Qxf4 Qd7 17.Nf3 Kg7 18.Ne5 Nxe5 19.Rxe5 f6 20.Re3 Rae8 21.Rae1
Rxe3 22.Qxe3 Rf7 23.Qe8 Qxe8 24.Rxe8 Rf8 25.Re7+ Rf7 26.Re8 Rf8 27.Re7+
Rf7 28.Re8 Rf8 29.Re7+ Rf7 30.Re8 Rf8 31.Re7+ 1/2-1/2

[Event "40th olm final"]
[Site "Istanbul"]
[Date "2012.08.29"]
[Round "2.19"]
[White "Dzhumabaev, Rinat"]
[Black "Schandorff, Lars"]
[Result "1-0"]
[WhiteElo "2525"]
[BlackElo "2516"]
[EventDate "2012.08.28"]
[WhiteTeam "Kazakhstan"]
[BlackTeam "Denmark"]
[PlyCount "77"]

1.d4 d5 2.c4 c6 3.Nc3 Nf6 4.e3 e6 5.Nf3 Nbd7 6.Qc2 Bd6 7.Be2 O-O 8.O-O
dxc4 9.Bxc4 e5 10.Bb3 h6 11.Rd1 Qc7 12.h3 Re8 13.a3 exd4 14.exd4 Nf8 15.
Be3 Be6 16.Rac1 Rad8 17.d5 cxd5 18.Bxa7 Bf4 19.Ne2 Qxc2 20.Rxc2 Bd6 21.
Ned4 Bd7 22.Bc5 Bb8 23.Bb4 Ng6 24.Ba5 Rc8 25.Rxc8 Rxc8 26.Ne2 Bb5 27.Nc3
Bc4 28.Bxc4 dxc4 29.Bd8 Ne8 30.g3 Ne5 31.Nxe5 Bxe5 32.Rd7 Nc7 33.a4 Ne6
34.Bb6 Bc7 35.Nd5 Bxb6 36.Ne7+ Kf8 37.Nxc8 Bc7 38.Nd6 Bxd6 39.Rxd6 1-0

[Event "40th olm final"]
[Site "Istanbul"]
[Date "2012.08.29"]
[Round "2.19"]
[White "Aagaard, Jacob"]
[Black "Ismagambetov, Anuar"]
[Result "0-1"]
[WhiteElo "2517"]
[BlackElo "2471"]
[EventDate "2012.08.28"]
[WhiteTeam "Denmark"]
[BlackTeam "Kazakhstan"]
[PlyCount "82"]

1.e4 e5 2.Nf3 Nc6 3.d4 exd4 4.Nxd4 Nf6 5.Nxc6 bxc6 6.e5 Qe7 7.Qe2 Nd5 8.c4
Nb6 9.Nc3 a5 10.f4 Qe6 11.Qe4 g6 12.Bd2 Ba6 13.b3 Bc5 14.Qc2 O-O 15.Ne4
Be7 16.Be2 d5 17.cxd5 cxd5 18.Bxa6 Rxa6 19.Nc5 Bxc5 20.Qxc5 Rc8 21.O-O Nd7
22.Qc2 Rc6 23.Qd1 Nc5 24.Bxa5 Ne4 25.Be1 Ra6 26.Qd3 c5 27.Rd1 Rxa2 28.Qxd5
Qxd5 29.Rxd5 c4 30.bxc4 Rxc4 31.Rf3 Rcc2 32.Kf1 Rxg2 33.h3 Rh2 34.Kg1 Rhe2
35.Kf1 Rh2 36.Kg1 Rhe2 37.Kf1 Kf8 38.Rd7 Rh2 39.Kg1 Rhe2 40.Bb4+ Ke8 41.
Rdd3 Ng3 0-1

[Event "40th olm final"]
[Site "Istanbul"]
[Date "2012.08.29"]
[Round "2.19"]
[White "Kuderinov, Kirill"]
[Black "Glud, Jakob Vang"]
[Result "0-1"]
[WhiteElo "2484"]
[BlackElo "2498"]
[EventDate "2012.08.28"]
[WhiteTeam "Kazakhstan"]
[BlackTeam "Denmark"]
[PlyCount "82"]

1.d4 d5 2.c4 e6 3.Nf3 Nf6 4.g3 Bb4+ 5.Bd2 Be7 6.Bg2 O-O 7.O-O c6 8.Qc2 b6
9.Bf4 Ba6 10.Nbd2 Nbd7 11.Rac1 Nh5 12.Be3 Nhf6 13.h3 Rc8 14.Rfd1 b5 15.c5
b4 16.Re1 Bb5 17.Bf4 Nh5 18.Be5 f6 19.Bd6 Bxd6 20.cxd6 Nb6 21.Qc5 a5 22.b3
Nd7 23.Qc2 Nb8 24.a4 bxa3 25.e3 g6 26.Qc5 a2 27.Qa3 Na6 28.Bf1 Bxf1 29.
Rxf1 Nb4 30.Rc5 Ra8 31.Ra1 Qxd6 32.Ne1 e5 33.Kg2 exd4 34.exd4 Rfe8 35.Rxa5
Rxa5 36.Qxa5 Nxg3 37.Ndf3 Ne2 38.Qa3 Nf4+ 39.Kg1 Re2 40.Kf1 Qe7 41.Qa8+
Kg7 0-1

[Event "40th olm final"]
[Site "Istanbul"]
[Date "2012.08.30"]
[Round "3.27"]
[White "McNab, Colin Anderson"]
[Black "Hansen, Sune Berg"]
[Result "1-0"]
[WhiteElo "2446"]
[BlackElo "2577"]
[EventDate "2012.08.28"]
[WhiteTeam "Scotland"]
[BlackTeam "Denmark"]
[PlyCount "70"]

1.c4 e6 2.Nf3 Nf6 3.g3 d5 4.b3 Be7 5.Bg2 O-O 6.O-O c5 7.Bb2 Nc6 8.e3 b6 9.
Qe2 Ba6 10.Rd1 Rc8 11.Na3 Qc7 12.Rac1 Rfd8 13.d3 Qb8 14.Nb5 Bb7 15.Nc3
dxc4 16.bxc4 Na5 17.Ba1 Ne8 18.Ne1 Bxg2 19.Nxg2 Bf6 20.f4 a6 21.Rb1 Qc7
22.f5 Qc6 23.fxe6 fxe6 24.Nf4 Rc7 25.Qg4 Re7 26.Nh5 Rf7 27.Ne4 Bxa1 28.
Rxa1 Rf5 29.Rf1 Rxd3 30.Nef6+ Rxf6 31.Nxf6+ Nxf6 32.Rxf6 Rd2 33.Rf3 h6 34.
Raf1 Kh7 35.h4 Qd6 1-0

[Event "40th olm final"]
[Site "Istanbul"]
[Date "2012.08.30"]
[Round "3.27"]
[White "Schandorff, Lars"]
[Black "Arakhamia Grant, Ketevan"]
[Result "1-0"]
[WhiteElo "2516"]
[BlackElo "2421"]
[EventDate "2012.08.28"]
[WhiteTeam "Denmark"]
[BlackTeam "Scotland"]
[PlyCount "147"]

1.d4 Nf6 2.c4 c5 3.d5 e5 4.Nc3 d6 5.e4 Nbd7 6.Bd3 Be7 7.h3 Nf8 8.Nf3 Ng6
9.g3 a6 10.Nd2 Rb8 11.Qe2 h5 12.h4 Bg4 13.f3 Bd7 14.a3 Qc8 15.Nf1 Bd8 16.
Rb1 Ba5 17.b4 cxb4 18.axb4 Bb6 19.Be3 Bd4 20.Rc1 b5 21.c5 dxc5 22.bxc5
Bxe3 23.Qxe3 b4 24.Nb1 Bb5 25.Nbd2 O-O 26.Nc4 Bxc4 27.Bxc4 a5 28.Bb3 Qa6
29.Ra1 Nd7 30.Ba4 Qa7 31.c6 Nb6 32.Nd2 Qa6 33.Qe2 Qa7 34.Qe3 Qa6 35.Nb3
Ne7 36.Nc5 Qc8 37.O-O Qh3 38.Qf2 Nec8 39.Qg2 Qxg2+ 40.Kxg2 Nd6 41.Rfc1
Nxa4 42.Rxa4 Rb5 43.Nb3 Ra8 44.c7 Kf8 45.Rc6 Ke7 46.Rxa5 Rbxa5 47.Nxa5 Kd7
48.Nb3 Nb7 49.Kf2 Rc8 50.Nc5+ Nxc5 51.Rxc5 Rxc7 52.Rxc7+ Kxc7 53.Ke2 Kd6
54.Kd3 Kc5 55.g4 hxg4 56.fxg4 f6 57.Kc2 Kb6 58.Kb3 Kc5 59.g5 fxg5 60.hxg5
g6 61.d6 Kxd6 62.Kxb4 Kc6 63.Kc4 Kd6 64.Kb5 Kd7 65.Kc5 Ke6 66.Kc6 Ke7 67.
Kd5 Kd7 68.Kxe5 Ke7 69.Kd5 Kd7 70.e5 Ke7 71.e6 Ke8 72.e7 Kd7 73.e8=Q+ Kxe8
74.Ke4 1-0

[Event "40th olm final"]
[Site "Istanbul"]
[Date "2012.08.30"]
[Round "3.27"]
[White "Tate, Alan"]
[Black "Aagaard, Jacob"]
[Result "1-0"]
[WhiteElo "2332"]
[BlackElo "2517"]
[EventDate "2012.08.28"]
[WhiteTeam "Scotland"]
[BlackTeam "Denmark"]
[PlyCount "51"]

1.e4 c5 2.Nf3 d6 3.d4 cxd4 4.Nxd4 Nf6 5.Nc3 a6 6.h3 e6 7.g4 Be7 8.Bg2 Nfd7
9.Be3 Nc6 10.O-O O-O 11.a4 Nde5 12.b3 Ng6 13.Nce2 Nxd4 14.Nxd4 Bg5 15.Qd2
Bxe3 16.Qxe3 e5 17.Nf5 Nf4 18.Rfd1 Bxf5 19.exf5 Qc7 20.Rd2 Rad8 21.c4 Rd7
22.Rad1 Rfd8 23.Be4 Qa5 24.Kh2 Qb4 25.Bf3 Rc7 26.Qxe5 1-0

[Event "40th olm final"]
[Site "Istanbul"]
[Date "2012.08.30"]
[Round "3.27"]
[White "Rasmussen, Allan Stig"]
[Black "Morrison, Graham"]
[Result "1-0"]
[WhiteElo "2496"]
[BlackElo "2360"]
[EventDate "2012.08.28"]
[WhiteTeam "Denmark"]
[BlackTeam "Scotland"]
[PlyCount "99"]

1.e4 c5 2.Nf3 e6 3.d4 cxd4 4.Nxd4 Nc6 5.Nc3 d6 6.Be3 Nf6 7.Qe2 Be7 8.O-O-O
O-O 9.g4 a6 10.g5 Nxd4 11.Bxd4 Nd7 12.h4 b5 13.a3 Qc7 14.f4 Re8 15.Kb1 Rb8
16.h5 b4 17.axb4 Rxb4 18.Qd2 Qb7 19.Na2 Ra4 20.Nc3 Rb4 21.Na2 Ra4 22.b3 e5
23.Bb2 Rxa2 24.Kxa2 Nc5 25.fxe5 dxe5 26.Bc4 Nxe4 27.Qe1 Be6 28.Bxe6 fxe6
29.Rh4 Nxg5 30.Qxe5 Bf6 31.Qe3 Bxb2 32.Kxb2 h6 33.Rhd4 Qf7 34.Qe2 e5 35.
Rd7 Qf6 36.Qc4+ Kh7 37.Rf1 Qb6 38.Qd3+ e4 39.Qc3 Rg8 40.Qe5 Qb5 41.Qxb5
axb5 42.Re7 Rd8 43.Rf6 Kg8 44.Rf5 b4 45.Kc1 Ra8 46.Kd2 Rd8+ 47.Ke3 Rc8 48.
Kd4 e3 49.Rc5 Nf3+ 50.Ke4 1-0

[Event "40th olm final"]
[Site "Istanbul"]
[Date "2012.08.31"]
[Round "4.39"]
[White "Schandorff, Lars"]
[Black "Valdes Romero, Leonardo"]
[Result "1/2-1/2"]
[WhiteElo "2516"]
[BlackElo "2366"]
[EventDate "2012.08.28"]
[WhiteTeam "Denmark"]
[BlackTeam "Costa Rica"]
[PlyCount "102"]

1.d4 Nf6 2.c4 d6 3.Nc3 Nbd7 4.e4 e5 5.d5 Be7 6.Bd3 O-O 7.Nge2 Nc5 8.Bc2 a5
9.O-O Ne8 10.a3 g6 11.Rb1 Ng7 12.b4 Na6 13.f4 exf4 14.Bxf4 axb4 15.axb4
Bg5 16.Qd2 Bxf4 17.Qxf4 Qe7 18.Nd4 Bd7 19.Nf3 Rae8 20.Rfe1 Nh5 21.Qd2 Qf6
22.Qd4 Re7 23.Qxf6 Nxf6 24.h3 Rfe8 25.Kf2 Kg7 26.Rb2 Bc8 27.Ba4 Bd7 28.Bc2
Bc8 29.Ra1 Rf8 30.Bd3 Nd7 31.Nb5 Ne5 32.Nxe5 Rxe5 33.Nd4 Re7 34.Rc1 Nb8
35.c5 Nd7 36.Nf3 f5 37.exf5 Ne5 38.Nxe5 Rxe5 39.cxd6 cxd6 40.Rc7+ Kh6 41.
Kg1 Bxf5 42.Bxf5 Rfxf5 43.Rxb7 Rxd5 44.Rc2 Rb5 45.Rcc7 Rxb7 46.Rxb7 Rf4
47.b5 Rb4 48.Kf2 Rb2+ 49.Kf3 Kg5 50.b6 Kf5 51.g4+ Ke5 1/2-1/2

[Event "40th olm final"]
[Site "Istanbul"]
[Date "2012.08.31"]
[Round "4.39"]
[White "Gonzalez Acosta, Bernal Manuel"]
[Black "Aagaard, Jacob"]
[Result "1/2-1/2"]
[WhiteElo "2413"]
[BlackElo "2517"]
[EventDate "2012.08.28"]
[WhiteTeam "Costa Rica"]
[BlackTeam "Denmark"]
[PlyCount "43"]

1.d4 d5 2.c4 c6 3.Nf3 Nf6 4.cxd5 cxd5 5.Nc3 Nc6 6.Bf4 a6 7.Rc1 Bf5 8.e3
Rc8 9.Bd3 Bxd3 10.Qxd3 e6 11.O-O Be7 12.Na4 Ne4 13.a3 g5 14.Bg3 h5 15.Ne5
Qa5 16.Qb3 Qb5 17.Qxb5 axb5 18.Nb6 Rc7 19.Na8 Rc8 20.Nb6 Rc7 21.Na8 Rc8
22.Nb6 1/2-1/2

[Event "40th olm final"]
[Site "Istanbul"]
[Date "2012.08.31"]
[Round "4.39"]
[White "Rasmussen, Allan Stig"]
[Black "Murillo Tsijli, Alexis"]
[Result "0-1"]
[WhiteElo "2496"]
[BlackElo "2278"]
[EventDate "2012.08.28"]
[WhiteTeam "Denmark"]
[BlackTeam "Costa Rica"]
[PlyCount "64"]

1.e4 e6 2.d4 d5 3.Nc3 Nf6 4.e5 Ne4 5.Nce2 f6 6.f3 Ng5 7.exf6 Qxf6 8.Be3 b6
9.Qd2 Nf7 10.Nf4 Nd6 11.g4 Nc4 12.Bxc4 dxc4 13.O-O-O Bd6 14.Nh5 Qf7 15.Nh3
Na6 16.Ng5 Qg6 17.Qe2 Nb4 18.Qxc4 O-O 19.Bd2 b5 20.Qb3 a5 21.Ne4 a4 22.Qa3
Nxc2 23.Qd3 Nb4 24.Bxb4 Bxb4 25.Qxb5 Bd6 26.Qd3 Bb7 27.Rde1 Bd5 28.Kb1
Rfb8 29.Re3 Rb4 30.Ka1 Rab8 31.Nxd6 Rxb2 32.Nc4 Bxc4 0-1

[Event "40th olm final"]
[Site "Istanbul"]
[Date "2012.08.31"]
[Round "4.39"]
[White "Alfaro Rojas, Alfonso"]
[Black "Glud, Jakob Vang"]
[Result "1/2-1/2"]
[WhiteElo "2239"]
[BlackElo "2498"]
[EventDate "2012.08.28"]
[WhiteTeam "Costa Rica"]
[BlackTeam "Denmark"]
[PlyCount "157"]

1.d4 d5 2.c4 e6 3.Nc3 Be7 4.cxd5 exd5 5.Bf4 Nf6 6.e3 Bf5 7.Bd3 Bxd3 8.Qxd3
c6 9.h3 Nbd7 10.Nf3 O-O 11.O-O Re8 12.a3 Nb6 13.b4 a6 14.Nd2 Rc8 15.Rab1
Bd6 16.Bg5 h6 17.Bh4 Nbd7 18.e4 dxe4 19.Ndxe4 Be7 20.Bg3 Nxe4 21.Nxe4 Nf6
22.Rfe1 Nxe4 23.Rxe4 Bf6 24.Rxe8+ Qxe8 25.d5 cxd5 26.Qxd5 b5 27.Qb7 Qc6
28.Qa7 h5 29.Rf1 Ra8 30.Qe3 Re8 31.Qc1 Qxc1 32.Rxc1 Bb2 33.Rc6 Re1+ 34.Kh2
Re6 35.Rc8+ Kh7 36.Rc5 Kg6 37.Bc7 Bxa3 38.Ba5 Bb2 39.Kg3 Kh6 40.Rf5 Bf6
41.Rd5 Be7 42.Kf3 g6 43.g3 f5 44.h4 Kg7 45.Rd7 Kf6 46.Bd8 Bxd8 47.Rxd8 Ke5
48.Ke3 Rd6 49.Rc8 Re6 50.Rd8 Rc6 51.Rg8 f4+ 52.gxf4+ Kf5 53.Kf3 Rc3+ 54.
Kg2 Rc4 55.Rf8+ Ke6 56.Rg8 Kf7 57.Ra8 Rxf4 58.Kg3 Rg4+ 59.Kh3 Rxb4 60.Rxa6
Rb1 61.Rb6 b4 62.Kg3 b3 63.Kg2 b2 64.Rb7+ Ke6 65.Rb6+ Kd5 66.Rb5+ Kd4 67.
Rb8 Kd3 68.Rd8+ Ke4 69.Re8+ Kf5 70.Rb8 Re1 71.Rxb2 Re4 72.Rb5+ Kf4 73.Rg5
Re6 74.Kf1 Ra6 75.Kg2 Rb6 76.Kf1 Kf3 77.Rg3+ Ke4 78.Rg5 Kf3 79.Ke1 1/2-1/2

[Event "40th olm final"]
[Site "Istanbul"]
[Date "2012.09.01"]
[Round "5.53"]
[White "Harper, Ryan"]
[Black "Hansen, Sune Berg"]
[Result "0-1"]
[WhiteElo "2222"]
[BlackElo "2577"]
[EventDate "2012.08.28"]
[WhiteTeam "Trinidad & Tobago"]
[BlackTeam "Denmark"]
[PlyCount "56"]

1.e4 e5 2.Nf3 Nc6 3.Bc4 Bc5 4.d3 Nf6 5.c3 a6 6.Bb3 Ba7 7.Nbd2 O-O 8.h3 d6
9.Nf1 d5 10.Qe2 Be6 11.Bc2 b5 12.Bg5 h6 13.Bh4 dxe4 14.Bxf6 exf3 15.Qxf3
Qxf6 16.Qxc6 Qxf2+ 17.Kd1 Rad8 18.Qf3 Qh4 19.g3 Qg5 20.Rh2 Bd5 21.Qg4
Qxg4+ 22.hxg4 Bf3+ 23.Kd2 e4 24.Re1 Bg1 25.Rh5 Bf2 26.Ra1 Rfe8 27.Nh2 e3+
28.Kc1 Bg2 0-1

[Event "40th olm final"]
[Site "Istanbul"]
[Date "2012.09.01"]
[Round "5.53"]
[White "Aagaard, Jacob"]
[Black "Joseph, Marcus"]
[Result "1-0"]
[WhiteElo "2517"]
[BlackElo "2206"]
[EventDate "2012.08.28"]
[WhiteTeam "Denmark"]
[BlackTeam "Trinidad & Tobago"]
[PlyCount "73"]

1.e4 c5 2.Nf3 d6 3.Nc3 a6 4.d4 cxd4 5.Nxd4 Nf6 6.Be3 e6 7.Be2 Be7 8.O-O
O-O 9.f4 Qc7 10.g4 Re8 11.f5 Bf8 12.g5 Nfd7 13.Nxe6 fxe6 14.Bh5 Qd8 15.
fxe6 Ne5 16.Bf7+ Kh8 17.Bxe8 Qxe8 18.Nd5 Be7 19.Nc7 Qg6 20.Nxa8 Bxe6 21.
Nc7 Bh3 22.Rf5 Nbc6 23.Qe2 h6 24.Kh1 Bxf5 25.exf5 Qxf5 26.gxh6 g5 27.Nd5
Qe4+ 28.Qg2 Nf3 29.Nxe7 Nxe7 30.Rf1 g4 31.Rxf3 Qxf3 32.Qxf3 gxf3 33.Kg1
Nf5 34.Kf2 Kh7 35.Kxf3 Kg6 36.h3 d5 37.Bd2 1-0

[Event "40th olm final"]
[Site "Istanbul"]
[Date "2012.09.01"]
[Round "5.53"]
[White "Merritt, Mario"]
[Black "Rasmussen, Allan Stig"]
[Result "0-1"]
[WhiteElo "2103"]
[BlackElo "2496"]
[EventDate "2012.08.28"]
[WhiteTeam "Trinidad & Tobago"]
[BlackTeam "Denmark"]
[PlyCount "90"]

1.c4 e5 2.g3 d6 3.Nc3 f5 4.d4 Nf6 5.Nf3 e4 6.Nd2 c6 7.e3 Be6 8.Be2 d5 9.
Rb1 Bd6 10.b4 a6 11.a4 Nbd7 12.c5 Bc7 13.b5 axb5 14.axb5 h6 15.Nb3 g5 16.
Bd2 f4 17.Ra1 Rh7 18.Na2 cxb5 19.Nb4 Rxa1 20.Qxa1 Qb8 21.Bxb5 Ng4 22.exf4
gxf4 23.Qc3 e3 24.fxe3 fxe3 25.Bxe3 Bxg3+ 26.Kd1 Re7 27.hxg3 Nxe3+ 28.Kc1
Nf5 29.Rg1 Kf8 30.Qf3 Rf7 31.Qe2 Ng7 32.Bxd7 Bxd7 33.Nd3 Bb5 34.Qe5 Qa8
35.Nf4 Bc4 36.Kb2 Qa4 37.Nc1 Kg8 38.Rh1 Qb4+ 39.Kc2 Rf5 40.Qb8+ Rf8 41.Qe5
Re8 42.Qf6 Re3 43.Ng6 Bb3+ 44.Nxb3 Qxb3+ 45.Kd2 Qc3+ 0-1

[Event "40th olm final"]
[Site "Istanbul"]
[Date "2012.09.01"]
[Round "5.53"]
[White "Glud, Jakob Vang"]
[Black "Singh, Ravishen"]
[Result "1-0"]
[WhiteElo "2498"]
[BlackElo "2067"]
[EventDate "2012.08.28"]
[WhiteTeam "Denmark"]
[BlackTeam "Trinidad & Tobago"]
[PlyCount "103"]

1.c4 Nf6 2.g3 g6 3.Bg2 Bg7 4.Nc3 d6 5.d3 O-O 6.Bg5 h6 7.Bd2 e5 8.e4 Nc6 9.
Nge2 Nd7 10.Nd5 Nc5 11.Be3 Ne6 12.Qd2 Kh7 13.h4 Ncd4 14.Bxd4 exd4 15.Ndf4
Nc5 16.Bh3 a5 17.Kf1 c6 18.Bxc8 Qxc8 19.Kg2 Qc7 20.f3 Qb6 21.g4 Kg8 22.Ng3
Qb4 23.Qc2 a4 24.Rac1 Ra6 25.h5 g5 26.Nfe2 Rb6 27.Rb1 Ne6 28.Nf5 Kh7 29.a3
Qb3 30.Qd2 Be5 31.Nc1 Nf4+ 32.Kf1 Ra8 33.Nxb3 Rxb3 34.Rd1 c5 35.Ne7 f6 36.
Nd5 Ra6 37.Rg1 b6 38.Rg2 Kg7 39.Nxf4 Bxf4 40.Qe2 Ra7 41.e5 Be3 42.exd6 Rd7
43.f4 gxf4 44.Qf3 Rxd6 45.Qb7+ Kf8 46.Qa8+ Kf7 47.Qxa4 Rxd3 48.Rxd3 f3 49.
Qa7+ Ke6 50.Rg3 f2 51.Rgxe3+ dxe3 52.Rxe3# 1-0

[Event "40th olm final"]
[Site "Istanbul"]
[Date "2012.09.03"]
[Round "6.32"]
[White "Oussedik, Mahfoud"]
[Black "Schandorff, Lars"]
[Result "1-0"]
[WhiteElo "2242"]
[BlackElo "2516"]
[EventDate "2012.08.28"]
[WhiteTeam "Algeria"]
[BlackTeam "Denmark"]
[PlyCount "77"]

1.Nf3 d5 2.g3 Nf6 3.Bg2 c6 4.O-O Bg4 5.d4 e6 6.c4 Nbd7 7.Qb3 Qb6 8.c5 Qa6
9.Nc3 b6 10.cxb6 axb6 11.e4 Nxe4 12.Nxe4 dxe4 13.Ne5 Nxe5 14.dxe5 Bf5 15.
Be3 b5 16.Rfc1 Be7 17.Qc2 Rc8 18.a4 O-O 19.Bxe4 Bxe4 20.Qxe4 c5 21.Qd3 Qb7
22.Qxb5 Qd5 23.Qc4 Qb7 24.b3 Rfd8 25.a5 h6 26.a6 Qa8 27.Rd1 Rd5 28.Rxd5
exd5 29.Qb5 Rb8 30.Qd7 Bf8 31.e6 fxe6 32.Qxe6+ Kh8 33.a7 Rxb3 34.Qf7 Bd6
35.Bxh6 Be5 36.Re1 Rb7 37.Bxg7+ Kh7 38.Qh5+ Kxg7 39.Qxe5+ 1-0

[Event "40th olm final"]
[Site "Istanbul"]
[Date "2012.09.03"]
[Round "6.32"]
[White "Aagaard, Jacob"]
[Black "Nasser, Ali"]
[Result "1-0"]
[WhiteElo "2517"]
[BlackElo "2030"]
[EventDate "2012.08.28"]
[WhiteTeam "Denmark"]
[BlackTeam "Algeria"]
[PlyCount "59"]

1.e4 c5 2.Nf3 e6 3.d4 cxd4 4.Nxd4 Nc6 5.Nc3 Qc7 6.Be2 a6 7.O-O Nf6 8.Kh1
Be7 9.f4 d6 10.Be3 O-O 11.Qe1 Nxd4 12.Bxd4 b5 13.a3 Bb7 14.Qg3 Rac8 15.
Rae1 g6 16.f5 e5 17.Be3 Qb8 18.Bd3 Qc7 19.Bh6 Rfe8 20.Re3 Qd8 21.Ref3 Rc7
22.h3 Nh5 23.Qf2 f6 24.fxg6 hxg6 25.g4 Ng7 26.Nd5 Bxd5 27.exd5 g5 28.Qe2
Rf8 29.Bxg7 Kxg7 30.Qe4 1-0

[Event "40th olm final"]
[Site "Istanbul"]
[Date "2012.09.03"]
[Round "6.32"]
[White "Medjkouh, Said"]
[Black "Glud, Jakob Vang"]
[Result "0-1"]
[WhiteElo "2081"]
[BlackElo "2498"]
[EventDate "2012.08.28"]
[WhiteTeam "Algeria"]
[BlackTeam "Denmark"]
[PlyCount "70"]

1.c4 e6 2.g3 Nf6 3.Bg2 d5 4.Nf3 Be7 5.O-O O-O 6.b3 c5 7.e3 b6 8.Bb2 Bb7 9.
Qe2 dxc4 10.bxc4 Qc8 11.Nc3 Rd8 12.Rfd1 Nc6 13.d3 Ne8 14.Rac1 Na5 15.Ne1
Bf6 16.f4 Nd6 17.Nf3 Nc6 18.g4 a6 19.Na4 Qc7 20.Bxf6 gxf6 21.Qb2 f5 22.
Qxb6 Qxb6 23.Nxb6 fxg4 24.Ne5 Nxe5 25.fxe5 Rab8 26.Rb1 Nf5 27.Bxb7 Rxb7
28.Na4 Rxd3 29.Nxc5 Rxd1+ 30.Rxd1 Rc7 31.Ne4 Rxc4 32.Nf6+ Kg7 33.e4 Nh4
34.Rd8 Nf3+ 35.Kf2 Nxe5 0-1

[Event "40th olm final"]
[Site "Istanbul"]
[Date "2012.09.04"]
[Round "7.25"]
[White "Zambrana, Osvaldo"]
[Black "Hansen, Sune Berg"]
[Result "1/2-1/2"]
[WhiteElo "2471"]
[BlackElo "2577"]
[EventDate "2012.08.28"]
[WhiteTeam "Bolivia"]
[BlackTeam "Denmark"]
[PlyCount "86"]

1.e4 e5 2.Nf3 Nc6 3.Bc4 Bc5 4.O-O Nf6 5.d3 d6 6.c3 h6 7.a4 a5 8.Be3 Bxe3
9.fxe3 O-O 10.Nbd2 Kh8 11.Qe1 Ne7 12.Nh4 Ng6 13.Qg3 Nxh4 14.Qxh4 c6 15.d4
d5 16.Ba2 Be6 17.exd5 cxd5 18.h3 exd4 19.Qxd4 Ng8 20.Rad1 Ne7 21.Bb1 Nc6
22.Qd3 g6 23.Nf3 Qb6 24.Qe2 Rae8 25.Qf2 Bc8 26.Ba2 Qxe3 27.Bxd5 Kg7 28.
Bxc6 bxc6 29.Rd6 Qxf2+ 30.Kxf2 Be6 31.Rxc6 Rb8 32.Rc5 Rxb2+ 33.Kg3 Rc8 34.
Rxa5 Rxc3 35.Rf2 Rxf2 36.Kxf2 Rc2+ 37.Kg3 Ra2 38.Ra7 Bd5 39.a5 Kf6 40.Ra6+
Kf5 41.h4 Ra4 42.h5 gxh5 43.Rxh6 Bxf3 1/2-1/2

[Event "40th olm final"]
[Site "Istanbul"]
[Date "2012.09.04"]
[Round "7.25"]
[White "Schandorff, Lars"]
[Black "Gemy, Jose Daniel"]
[Result "1/2-1/2"]
[WhiteElo "2516"]
[BlackElo "2345"]
[EventDate "2012.08.28"]
[WhiteTeam "Denmark"]
[BlackTeam "Bolivia"]
[PlyCount "70"]

1.d4 d5 2.c4 c6 3.Nf3 Nf6 4.Nc3 a6 5.c5 Nbd7 6.Bf4 Nh5 7.Bd2 Qc7 8.e4 dxe4
9.Nxe4 Nhf6 10.Nxf6+ Nxf6 11.Bc4 Bf5 12.Ne5 e6 13.O-O Nd7 14.Bf4 Nxe5 15.
Bxe5 Qd7 16.Re1 h5 17.h4 Be7 18.Bxg7 Rg8 19.Be5 Bg4 20.Qd3 Bxh4 21.b4 Rg6
22.a4 Bf6 23.Qe3 Bxe5 24.dxe5 Rd8 25.b5 axb5 26.axb5 cxb5 27.Bf1 Qd5 28.
Ra3 Bf5 29.Bxb5+ Ke7 30.Bf1 Rdg8 31.Qf3 Qxf3 32.Rxf3 Rc8 33.Rb3 Rxc5 34.
Rxb7+ Kf8 35.f3 Rg8 1/2-1/2

[Event "40th olm final"]
[Site "Istanbul"]
[Date "2012.09.04"]
[Round "7.25"]
[White "Cueto Chajtur, Jhonny"]
[Black "Rasmussen, Allan Stig"]
[Result "0-1"]
[WhiteElo "2282"]
[BlackElo "2496"]
[EventDate "2012.08.28"]
[WhiteTeam "Bolivia"]
[BlackTeam "Denmark"]
[PlyCount "128"]

1.d4 d5 2.Bf4 c5 3.e3 Nc6 4.Nf3 Nf6 5.c3 Qb6 6.Na3 a6 7.Qb3 Qa5 8.Ne5 e6
9.dxc5 Nxe5 10.Bxe5 Nd7 11.Bg3 Nxc5 12.Qc2 h5 13.Nb1 h4 14.Bf4 Be7 15.h3
Bf6 16.Bd6 Qb6 17.Bxc5 Qxc5 18.Bd3 Bd7 19.Nd2 Rc8 20.O-O Be5 21.e4 dxe4
22.Nxe4 Qb6 23.Qe2 Bb8 24.Rad1 e5 25.b4 Rd8 26.Nc5 Bc8 27.Be4 Bd6 28.Qf3
Bxc5 29.bxc5 Qc7 30.Rxd8+ Kxd8 31.Rd1+ Ke7 32.Qe3 f6 33.c6 bxc6 34.Qc5+
Kf7 35.Rd6 Rd8 36.Rxc6 Qb8 37.Rc7+ Bd7 38.Bf5 Qb2 39.Qc4+ Ke7 40.Qc5+ Kf7
41.Qc4+ Ke7 42.Qg4 Qc1+ 43.Kh2 Qf4+ 44.Qxf4 exf4 45.Kg1 f3 46.gxf3 Kd6 47.
Rxd7+ Rxd7 48.Bxd7 Kxd7 49.Kf1 Kd6 50.Ke2 Kd5 51.Kd3 g5 52.c4+ Ke6 53.Kd4
f5 54.Ke3 Kf6 55.f4 g4 56.hxg4 fxg4 57.Ke2 Kf5 58.c5 Ke6 59.Kf1 Kd5 60.Kg2
Kxc5 61.f3 g3 62.f5 Kd6 63.f4 Ke7 64.Kh3 Kf6 0-1

[Event "40th olm final"]
[Site "Istanbul"]
[Date "2012.09.04"]
[Round "7.25"]
[White "Glud, Jakob Vang"]
[Black "Ferrufino, Boris"]
[Result "1-0"]
[WhiteElo "2498"]
[BlackElo "2171"]
[EventDate "2012.08.28"]
[WhiteTeam "Denmark"]
[BlackTeam "Bolivia"]
[PlyCount "79"]

1.c4 Nf6 2.g3 e6 3.Bg2 d5 4.Nf3 Be7 5.O-O O-O 6.d4 c6 7.Nbd2 Nbd7 8.Qc2 b6
9.e4 Bb7 10.b3 Rc8 11.Bb2 c5 12.exd5 exd5 13.Qf5 dxc4 14.Nxc4 Be4 15.Qf4
b5 16.Ne3 c4 17.Rac1 Nb6 18.bxc4 bxc4 19.Ng4 Bd3 20.Nxf6+ Bxf6 21.Rfe1 Nd5
22.Qg4 Qa5 23.Ne5 Nb6 24.Bc3 Qa6 25.d5 Qa3 26.Bd4 Rfe8 27.Nxd3 Bxd4 28.
Qxd4 cxd3 29.Rxc8 Rxc8 30.Bf1 Qxa2 31.d6 d2 32.d7 Rf8 33.Re8 Nxd7 34.Qxd7
g6 35.Re2 a5 36.Rxd2 Qb3 37.Rd3 Qb4 38.Rd4 Qb6 39.Bc4 Kg7 40.Rf4 1-0